000
nam a22 7a 4500
999
_c
232632
_d
232632
003
Nust
005
20170221162324.0
008
170221b xxu||||| |||| 00| 0 eng d
040
_c
ASAB
082
_a
891.4391
245
_a
sukhan sukhan sooraj
_c
Abid ansari
300
_a
168 p
942
_2
ddc
_c
BK